ბათუმის შოთა რუსთაველის სახელმწიფო უნივერსიტეტის ბიბლიოთეკა

ლექსიკურ - სემანტიკური და პრაგმატიკული ტრანსფორმაციები პოლიტიკურ დისკურსში (ინგლისურ, ქართულ და რუსულენოვან მასალაზე დაყრდნობით) / (ბიბ.ჩანაწერი № 52059)

000 -ლიდერი
ფიქსირებული სიგრძის საკონტროლო ველი 01782nam a2200241Ia 4500
001 - საკონტროლო ნომერი
საკონტროლო ველი 19065
003 - საკონტროლო ნომრის იდენტიფიკატორი
საკონტროლო ველი GE_BSU
005 - ბოლო ოპერაციის თარიღი და დრო
საკონტროლო ველი 20210421162447.0
008 - ფიქსირებული სიგრძის მონაცემთა ელემენტები - ზოგადი ინფორმაცია
ფიქსირებული სიგრძის საკონტროლო ველი 181216s2013||||ge |||||||||||||| ||geo||
040 ## - კატალოგიზაციის წყარო
Transcribing agency GE_BSU
041 ## - ენის კოდი
Language code of text/sound track or separate title geo
080 ## - უნივერსალური ათობითი კლასიფიკაციის ინდექსი
Universal Decimal Classification number 82 მ-90
100 ## - მთავარი ჩანაწერი - პიროვნების სახელი
Personal name მსახურაძე, ნანა
9 (RLIN) 11493
245 ## - ცნობა სათაურის შესახებ
Title ლექსიკურ - სემანტიკური და პრაგმატიკული ტრანსფორმაციები პოლიტიკურ დისკურსში (ინგლისურ, ქართულ და რუსულენოვან მასალაზე დაყრდნობით) /
Statement of responsibility, etc ნანა მსახურაძე; სამეცნიერო ხელმძღვანელი ირინე გოშხეთელიანი; ბათუმის შოთა რუსთაველის სახ-ფო უნ-ტი.
264 ## - წარმოების, გამოცემის, დისტრიბუციის და სხვა ცნობები
გამოცემის, წარმოების, დისტრიბუციის... ადგილი ბათუმი,
გამოცემის, წარმოების, დისტრიბუციის... თარიღი 2013.
300 ## - ფიზიკური აღწერა
Extent 246 გვ.;
Other physical details 30 სმ.
653 ## - INDEX TERM--UNCONTROLLED
Uncontrolled term დისერტაცია
653 ## - INDEX TERM--UNCONTROLLED
Uncontrolled term ლექსიკურ-სემანტიკური და პრაგმატიკული ტრანსფორმაციები პოლიტიკურ დისკურსში (ინგლისურ, ქართულ და რუსულენოვან მასალაზე დაყრდნობით)
653 ## - INDEX TERM--UNCONTROLLED
Uncontrolled term ლიტმცოდნეობა
700 ## - ADDED ENTRY--PERSONAL NAME
Personal name გოშხეთელიანი, ირინე
Relator term სამეცნიერო ხელმძღვანელი
9 (RLIN) 11494
710 ## - ADDED ENTRY--CORPORATE NAME
Corporate name or jurisdiction name as entry element ბათუმის შოთა რუსთაველის სახ-ფო უნ-ტი.
9 (RLIN) 11495
942 ## - ADDED ENTRY ELEMENTS (KOHA)
Koha item type წიგნი
Source of classification or shelving scheme
ეგზემპლარები
ჩამოწერის სტატუსი დაკარგული ეგზემპლარის სტატუსი კლასიფიკაციის წყარო ან თაროზე გაწყობის სქემა დაზიანების სტატუსი არ გაიცემა მუდმივი მდებარეობა (დაცვის ადგილი) ამჟამინდელი ადგილსამყოფელი შეძენის თარიღი სრული შენახვის შიფრი შტრიხკოდი ბოლო ოპერაციის თარიღი ეგზემპლარის მიმდევრობითი ნომერი (კეტერი?) ფასის ძალაში შესვლის თარიღი ეგზემპლარის სახეობა
        შიდა ფონდი ბათუმის შოთა რუსთაველის სახელმწიფო უნივერსიტეტის მთავარი ბიბლიოთეკა ბათუმის შოთა რუსთაველის სახელმწიფო უნივერსიტეტის მთავარი ბიბლიოთეკა 2018-12-17 82 მ-90 177 დისერტ. 2018-12-17 177 2018-12-17 დისერტაცია